[Event "II Open de Gaia"]
[Site "http://www.queenalice.com/game.php?id=1263021"]
[Date "2014.3.7"]
[Round "3"]
[White "PunditJi"]
[Black "Kuarwaki"]
[Result "1/2-1/2"]
[WhiteElo "2590"]
[BlackElo "2628"]

1. a3 d5 2. Nc3 d4 3. Ne4 f5 4. Ng3 Nc6 5. e3 e5 6. Bb5 dxe3 7. fxe3 Nf6 8. d4
Bd7 9. Nf3 e4 10. Bxc6 Bxc6 11. Ne5 1/2-1/2

[Event "AUTO-ELITE-1301"]
[Site "http://www.queenalice.com/game.php?id=1264320"]
[Date "2014.3.12"]
[Round "1"]
[White "Apatride"]
[Black "PunditJi"]
[Result "1/2-1/2"]
[WhiteElo "2461"]
[BlackElo "2597"]

1. e4 e6 2. d4 d5 3. Nd2 Nf6 4. e5 Nfd7 5. f4 c5 6. c3 Nc6 7. Ndf3 cxd4 8. cxd4
Bb4+ 9. Bd2 Qb6 10. a3 Bxd2+ 11. Qxd2 Nf8 12. b4 Ng6 13. Ne2 O-O 14. Nc3 Bd7 15.
Rc1 Rfc8 16. Na4 Qd8 17. Nc5 Nh4 18. Nxh4 Qxh4+ 19. g3 Qe7 20. Be2 Be8 21. O-O
b6 22. Na6 Qd7 23. a4 Ne7 24. b5 f6 25. Nb4 Rxc1 26. Rxc1 Rc8 27. Bd3 fxe5 28.
fxe5 Rxc1+ 29. Qxc1 Bg6 30. Bxg6 Nxg6 31. Nc6 Ne7 32. Kg2 h6 33. g4 Qc7 34. h4
Kf8 35. Qc2 Ke8 36. Qh7 Nxc6 37. Qg8+ Kd7 38. bxc6+ Qxc6 39. Qxg7+ Kd8 40. Qf8+
Kc7 1/2-1/2

[Event "AUTO-ELITE-1301"]
[Site "http://www.queenalice.com/game.php?id=1264321"]
[Date "2014.3.12"]
[Round "1"]
[White "PunditJi"]
[Black "Apatride"]
[Result "1/2-1/2"]
[WhiteElo "2594"]
[BlackElo "2478"]

1. d4 d5 2. c4 c6 3. Nf3 e6 4. e3 Nf6 5. Bd3 dxc4 6. Bxc4 c5 7. O-O Nc6 8. a3
cxd4 9. exd4 Be7 10. Nc3 O-O 11. Bf4 a6 12. Re1 Nd5 13. Bg3 Nxc3 14. bxc3 b5 15.
d5 Na5 16. Ba2 Bf6 17. Ne5 Nc4 18. Bxc4 bxc4 19. d6 Bb7 20. Rc1 Bd5 21. Ng4 Bg5
22. f4 Bf6 23. f5 Bg5 24. Rc2 h5 25. Ne3 Qb6 26. Bf2 Bxe3 27. Rxe3 Qxd6 28. Qxh5
Rab8 29. Rce2 Rb1+ 30. Be1 Qc5 31. f6 Rfb8 32. fxg7 Kxg7 33. Kf1 Kf8 34. Rf3 f5
35. Qg6 Qc7 36. Rxe6 Bxe6 37. Qxe6 f4 38. Rh3 Qg7 39. Rh4 Rxe1+ 40. Qxe1 Qf6
1/2-1/2

[Event "AUTO-ELITE-1301"]
[Site "http://www.queenalice.com/game.php?id=1264326"]
[Date "2014.3.12"]
[Round "1"]
[White "PunditJi"]
[Black "Hot_Tracy"]
[Result "1/2-1/2"]
[WhiteElo "2592"]
[BlackElo "2565"]

1. d4 Nf6 2. c4 e6 3. Nf3 b6 4. Nc3 Bb7 5. a3 d5 6. Bg5 Be7 7. cxd5 Nxd5 8. Bxe7
Qxe7 9. Nxd5 Bxd5 10. e3 O-O 11. Rc1 Rc8 12. Bc4 Bb7 13. O-O Nd7 14. Qe2 a5 15.
Rfd1 c5 16. Bb5 cxd4 17. Nxd4 Rxc1 18. Rxc1 Qd6 19. Rc2 Nc5 20. f3 Rc8 21. Rd2
Qe7 22. e4 g6 23. e5 Qg5 24. g3 a4 25. Rd1 Ba8 26. Kf2 Qh5 27. h4 Kh8 28. f4
Ne4+ 29. Ke3 Qh6 30. Bd7 1/2-1/2

[Event "AUTO-ELITE-1301"]
[Site "http://www.queenalice.com/game.php?id=1264327"]
[Date "2014.3.12"]
[Round "1"]
[White "Hot_Tracy"]
[Black "PunditJi"]
[Result "1/2-1/2"]
[WhiteElo "2566"]
[BlackElo "2591"]

1. e4 e6 2. d4 d5 3. Nc3 Nf6 4. Bg5 Bb4 5. e5 h6 6. Bd2 Bxc3 7. bxc3 Ne4 8. Qg4
g6 9. Bd3 Nxd2 10. Kxd2 c5 11. Nf3 c4 12. Be2 Bd7 13. Qh4 Bc6 14. Qxd8+ Kxd8 15.
a4 a5 16. h4 Nd7 17. h5 g5 18. Nh2 f6 19. exf6 Nxf6 20. Ke3 b5 21. axb5 Bxb5 22.
Ng4 Nxg4+ 23. Bxg4 Bd7 24. Rhb1 Kc7 25. Kd2 a4 26. Ra3 Rhf8 27. f3 Rfe8 28. g3
Kd6 29. Re1 Bc6 30. Re5 Bd7 31. Re1 Bc6 32. Re5 Ra7 33. Kd1 1/2-1/2

[Event "Lucius1-2"]
[Site "http://www.queenalice.com/game.php?id=1269145"]
[Date "2014.3.30"]
[Round "4"]
[White "PunditJi"]
[Black "krodo"]
[Result "1/2-1/2"]
[WhiteElo "2596"]
[BlackElo "2557"]

1. e4 e5 2. Nf3 d6 3. Bc4 c6 4. d4 Nd7 5. O-O Be7 6. dxe5 dxe5 7. Ng5 Bxg5 8.
Qh5 Qe7 9. Qxg5 Ngf6 10. b3 b5 11. Ba3 b4 12. Bb2 O-O 13. a3 c5 1/2-1/2

[Event "sergiogvh-2"]
[Site "http://www.queenalice.com/game.php?id=1273026"]
[Date "2014.4.14"]
[Round "5"]
[White "PunditJi"]
[Black "ubersoldat1952"]
[Result "1-0"]
[WhiteElo "2604"]
[BlackElo "2555"]

1. e4 c5 2. Nf3 e6 3. d4 cxd4 4. Nxd4 Qc7 5. Nb5 Qc6 6. Bf4 Qxe4+ 7. Be3 Qe5 8.
Nd2 Nc6 9. Nc4 Qb8 10. Nbd6+ Bxd6 11. Nxd6+ 1-0

[Event "90"]
[Site "http://www.queenalice.com/game.php?id=1277425"]
[Date "2014.4.30"]
[Round "-"]
[White "PunditJi"]
[Black "Apatride"]
[Result "1/2-1/2"]
[WhiteElo "2595"]
[BlackElo "2665"]

1. e4 e5 2. Nf3 Nc6 3. Bb5 a6 4. Ba4 Nf6 5. O-O Be7 6. Re1 b5 7. Bb3 d6 8. c3
O-O 9. h3 Bb7 10. d4 Re8 11. Nbd2 Bf8 12. a4 h6 13. Bc2 exd4 14. cxd4 Nb4 15.
Bb1 c5 16. d5 Nd7 17. Ra3 c4 18. axb5 axb5 19. Nd4 Rxa3 20. bxa3 Nd3 21. Bxd3
cxd3 22. Nxb5 Nc5 23. Nc3 Qb6 24. Na2 Be7 25. Nb4 Bh4 26. Qf3 Ba6 27. Bb2 Bg5
28. Qg3 f6 29. Bc1 Bb5 30. Kh2 f5 31. f4 Bf6 32. e5 1/2-1/2

[Event "AUTO-ELITE-1276"]
[Site "http://www.queenalice.com/game.php?id=1302324"]
[Date "2014.8.18"]
[Round "2"]
[White "kobra23"]
[Black "PunditJi"]
[Result "1-0"]
[WhiteElo "2630"]
[BlackElo "2607"]

1. d4 Nf6 2. c4 e6 3. Nf3 b6 4. a3 Bb7 5. Nc3 Be7 6. d5 O-O 7. g3 Na6 8. Bg2 Nc5
9. Nd4 a5 10. O-O exd5 11. cxd5 Bd6 12. Qc2 Re8 13. Nf5 Bf8 14. Bg5 g6 15. b4
Na6 16. Nh6+ Bxh6 17. Bxh6 axb4 18. axb4 Ng4 19. Bf4 d6 20. h3 Ne5 21. Qb3 Qe7
22. Be3 Nd7 23. Rfc1 h5 24. Nb5 Rec8 25. Nd4 Re8 26. Nc6 Qf8 27. Qc4 Ne5 28.
Nxe5 Rxe5 29. Bd4 Ree8 30. Rc2 f5 31. Rca2 f4 32. Rxa6 Bxa6 33. Rxa6 Rxa6 34.
Qxa6 fxg3 35. fxg3 Kh7 36. Bf3 Qf7 37. Qa4 Kh6 38. h4 Kh7 39. Qc2 Kh6 40. Kh2
Re7 41. Be4 Kh7 42. Kg1 Re8 43. g4 Rf8 44. gxh5 1-0

[Event "AUTO-ELITE-1276"]
[Site "http://www.queenalice.com/game.php?id=1302325"]
[Date "2014.8.18"]
[Round "2"]
[White "PunditJi"]
[Black "kobra23"]
[Result "1/2-1/2"]
[WhiteElo "2607"]
[BlackElo "2630"]

1. c4 e6 2. d4 f5 3. g3 Nc6 4. Bg2 Nf6 5. Nc3 Bb4 6. Nf3 b6 7. Bd2 Bb7 8. d5 Na5
9. a3 Bxc3 10. Bxc3 Nxc4 11. dxe6 Nd6 12. exd7+ Qxd7 13. O-O O-O 14. b4 Nfe4 15.
Bb2 Qe6 16. Qd4 Rf7 17. Ne5 Re7 18. Rac1 Rae8 19. Rfd1 Qb3 20. Nc6 Bxc6 21. Rxc6
Kh8 22. Rb1 Qa2 23. Bxe4 fxe4 24. Ra1 Qf7 25. a4 Rd8 26. Rf1 Kg8 27. Qd1 Rdd7
28. Qc2 h5 29. b5 h4 30. Ba3 Re8 31. h3 Nf5 32. Bb2 Rf8 33. Qc4 Rd2 34. Bc3 Ra2
35. Rxc7 Qxc4 36. Rxc4 hxg3 37. Rxe4 Ra3 38. Bd2 gxf2+ 39. Rxf2 Rxh3 40. Re5 g6
41. e4 Nd4 42. Rxf8+ 1/2-1/2

[Event "AUTO-ELITE-1276"]
[Site "http://www.queenalice.com/game.php?id=1302328"]
[Date "2014.8.18"]
[Round "2"]
[White "PunditJi"]
[Black "Puska"]
[Result "1/2-1/2"]
[WhiteElo "2599"]
[BlackElo "2584"]

1. e4 c6 2. d4 d5 3. Nc3 dxe4 4. Nxe4 Nd7 5. c3 Ngf6 6. Bd3 Nxe4 7. Bxe4 Nf6 8.
Bd3 Qd5 9. Nf3 Bg4 10. Be2 e6 11. Bf4 Qe4 12. Be5 Bxf3 13. gxf3 Qf5 14. Rg1 Rd8
15. Qb3 Rd7 16. O-O-O Nd5 17. Rg4 f6 18. Bg3 h5 19. Bd3 Qxf3 20. Re4 Kf7 21. Re2
f5 22. c4 Nb4 23. Re3 Nxd3+ 24. Rexd3 Qg4 25. d5 cxd5 26. cxd5 Rxd5 27. Rxd5
exd5 28. Qxd5+ Kg6 29. Qxb7 Rh6 30. Qd5 Kh7 31. f3 Qg5+ 32. Kb1 Rb6 33. Bc7 Ra6
34. f4 Qg6 35. Be5 Qe6 36. Qxe6 Rxe6 37. Rd7 Re7 38. Rd8 1/2-1/2

[Event "AUTO-ELITE-1276"]
[Site "http://www.queenalice.com/game.php?id=1302329"]
[Date "2014.8.18"]
[Round "2"]
[White "Puska"]
[Black "PunditJi"]
[Result "1/2-1/2"]
[WhiteElo "2584"]
[BlackElo "2599"]

1. d4 f5 2. c4 b6 3. Nf3 e6 4. g3 Bb4+ 5. Bd2 Bxd2+ 6. Qxd2 Nf6 7. Bg2 Bb7 8.
Nc3 O-O 9. O-O a5 10. Rfd1 Na6 11. a3 Qe8 12. Qe3 d6 13. Rac1 h6 14. h3 Rd8 15.
Ne1 Bxg2 16. Nxg2 Qf7 17. Qd3 Ra8 18. Nh4 Nd7 19. f4 Nf6 20. e4 g5 21. Ng2 fxe4
22. Nxe4 Nxe4 23. Qxe4 Qf5 24. Re1 Qxe4 25. Rxe4 gxf4 26. Nxf4 e5 27. dxe5 Nc5
28. Re3 dxe5 29. Rxe5 Rxf4 30. gxf4 Nd3 31. Rf1 Nxe5 32. fxe5 Re8 33. Rf5 Kg7
34. Kf2 Kg6 35. Rf6+ Kg5 36. Rc6 Rxe5 37. Rxc7 Kf4 38. h4 1/2-1/2

[Event "II Open de Gaia"]
[Site "http://www.queenalice.com/game.php?id=1304025"]
[Date "2014.8.25"]
[Round "4"]
[White "kasker"]
[Black "PunditJi"]
[Result "1/2-1/2"]
[WhiteElo "2518"]
[BlackElo "2609"]

1. e4 c5 2. Nf3 Nc6 3. d4 cxd4 4. Nxd4 e5 5. Nb5 d6 6. N1c3 a6 7. Na3 Nf6 8. Nc4
b5 9. Ne3 b4 10. Ncd5 Nxe4 11. a3 b3 12. cxb3 Be7 13. b4 Nd4 14. Bc4 O-O 15. Qd3
Nf6 16. Bd2 Nxd5 17. Bxd5 Bd7 18. O-O Bf6 19. a4 Ra7 20. Bc3 g6 21. f4 Bg7 22.
Rf2 Qc8 23. h4 Be6 24. Rd1 Re8 25. h5 Qd7 26. Bxe6 Rxe6 27. a5 Qb7 28. f5 Nxf5
29. Nxf5 gxf5 30. Qxf5 d5 31. Rd3 d4 32. Rg3 dxc3 33. Qg4 f5 34. Qxf5 Qc8 35. h6
cxb2 36. hxg7 b1=R+ 37. Qxb1 Rxg7 38. Qb3 Rxg3 39. Qxg3+ Kh8 40. Qg5 h6 41. Qf5
e4 42. Qf7 e3 43. Rf6 Qc1+ 44. Kh2 Rxf6 45. Qxf6+ Kh7 46. Qf7+ 1/2-1/2

[Event "II Open de Gaia"]
[Site "http://www.queenalice.com/game.php?id=1335666"]
[Date "2015.1.19"]
[Round "5"]
[White "PunditJi"]
[Black "Lucius1"]
[Result "1-0"]
[WhiteElo "2592"]
[BlackElo "2601"]

1. e4 d5 2. exd5 Qxd5 3. Nc3 Qd6 4. d4 Nf6 5. Nf3 c6 6. Bd3 Bg4 7. Be3 Nbd7 8.
h3 Bh5 9. Qd2 Bxf3 10. gxf3 g6 11. Ne4 Nxe4 12. fxe4 Bg7 13. e5 Qe6 14. Qe2
O-O-O 15. f4 f6 16. Bc4 Qf5 17. O-O-O Nb6 18. Bd3 Qe6 19. c4 Rhf8 20. Qg4 f5 21.
Qe2 Rg8 22. h4 h5 23. Rdg1 Kb8 24. Rg3 Bh6 25. Rhg1 Rg7 26. b3 Rdg8 27. Qf2 Qd7
28. R3g2 Qd8 29. Bc2 e6 30. Kb2 Nc8 31. Bd1 Qa5 32. Bd2 Qd8 33. Be2 Qd7 34. Bf3
Nb6 35. a4 Qd8 36. a5 Nc8 37. a6 Qb6 38. Be3 1-0

[Event "kasker-3"]
[Site "http://www.queenalice.com/game.php?id=1336446"]
[Date "2015.1.22"]
[Round "1"]
[White "edsDr23"]
[Black "PunditJi"]
[Result "1/2-1/2"]
[WhiteElo "2533"]
[BlackElo "2601"]

1. d4 Nf6 2. c4 e6 3. Nf3 b6 4. g3 Ba6 5. b3 Bb7 6. Bg2 Bb4+ 7. Bd2 a5 8. O-O
O-O 9. a3 Bxd2 10. Qxd2 d6 11. Nc3 Ne4 12. Nxe4 Bxe4 13. Qf4 Bb7 14. e4 Nd7 15.
Rfe1 Qe7 16. e5 d5 17. Nd2 c5 18. dxc5 Nxc5 19. cxd5 Bxd5 20. Bxd5 exd5 21. Qe3
d4 22. Qxd4 Rfd8 23. Qe3 Rd3 24. Qe2 Rad8 25. Nc4 Rxb3 1/2-1/2

[Event "AUTO-ELITE-1301"]
[Site "http://www.queenalice.com/game.php?id=1341972"]
[Date "2015.2.16"]
[Round "3"]
[White "zerruela"]
[Black "PunditJi"]
[Result "1/2-1/2"]
[WhiteElo "2401"]
[BlackElo "2600"]

1. c4 e5 2. Nc3 Nc6 3. g3 Nf6 4. Bg2 Bc5 5. d3 d6 6. Nf3 h6 7. a3 a5 8. e3 O-O
9. O-O Bg4 10. Qc2 Re8 11. b3 Qc8 12. Nd5 Nxd5 13. cxd5 Ne7 14. Nxe5 Bh3 15. Nf3
Nxd5 16. e4 Ne7 17. Bb2 Bb6 18. Qc3 f6 19. Rae1 c6 20. a4 Ng6 21. Bc1 Ne5 22.
Nd2 d5 23. d4 Bxg2 24. Kxg2 Nf7 25. e5 Ng5 26. f4 Qh3+ 27. Kh1 Ne6 28. Nf3 fxe5
29. dxe5 Re7 30. Be3 Bxe3 31. Qxe3 Rf8 32. Nh4 Ree8 33. Qf2 g5 34. Ng2 Qf5 35.
Qb6 Rf7 36. Qxa5 Qd3 37. Qb4 d4 38. a5 Rd8 39. Rd1 Qe2 40. Rfe1 Qf3 41. Qc4 Qd5
42. Rf1 Qxc4 43. bxc4 Rdf8 44. Rd3 Kg7 45. Rdf3 1/2-1/2

[Event "AUTO-ELITE-1301"]
[Site "http://www.queenalice.com/game.php?id=1341973"]
[Date "2015.2.16"]
[Round "3"]
[White "PunditJi"]
[Black "zerruela"]
[Result "1/2-1/2"]
[WhiteElo "2596"]
[BlackElo "2405"]

1. e4 c5 2. Nf3 d6 3. d4 cxd4 4. Nxd4 Nf6 5. Nc3 a6 6. Be2 e5 7. Nb3 Be7 8. O-O
O-O 9. Qd3 Be6 10. Nd5 Nxd5 11. exd5 Bc8 12. a4 f5 13. a5 f4 14. Bf3 Bf5 15. Be4
Bxe4 16. Qxe4 Nd7 17. Nd2 Qe8 18. b3 g5 19. h3 Nf6 20. Qd3 g4 21. c4 Rd8 22. Qf5
gxh3 23. Qxh3 Qg6 24. Re1 Rf7 25. Ra2 Rg7 26. Nf3 Nd7 27. Rd1 Rf8 28. Qe6+ Qxe6
29. dxe6 Nc5 30. Ba3 e4 31. Ne1 Nxb3 32. Rd5 Rg5 33. Rxg5+ Bxg5 34. Re2 e3 35.
fxe3 fxe3 36. Nf3 Bh6 37. e7 Re8 38. Bxd6 Nxa5 39. c5 Nc4 40. Nd4 Kf7 41. Nf5
Bg5 42. g4 Kg6 43. Rc2 Na5 44. Re2 Nc6 45. Kg2 Nxe7 46. Bxe7 Bxe7 47. Rxe3 Kf6
1/2-1/2

[Event "kasker-3"]
[Site "http://www.queenalice.com/game.php?id=1377686"]
[Date "2015.8.15"]
[Round "2"]
[White "PunditJi"]
[Black "Fquita"]
[Result "1-0"]
[WhiteElo "2600"]
[BlackElo "2508"]

1. Nf3 Nf6 2. d4 g6 3. c4 Bg7 4. Nc3 d5 5. Bf4 O-O 6. e3 c5 7. dxc5 Ne4 8. Rc1
Nxc3 9. bxc3 dxc4 10. Qxd8 Rxd8 11. Bxc4 Nd7 12. Rd1 Rf8 13. Bg5 Bxc3+ 14. Ke2
Bf6 15. Bxf6 Nxf6 16. Ne5 Bf5 17. f3 Rac8 18. c6 bxc6 19. g4 Be6 20. Bxe6 fxe6
21. Rd2 c5 22. e4 Rfd8 23. Rxd8+ Rxd8 24. Nc6 Rd7 25. Rc1 Rb7 26. Rxc5 1-0

[Event "kasker-3"]
[Site "http://www.queenalice.com/game.php?id=1440475"]
[Date "2016.9.10"]
[Round "3"]
[White "Sidinei"]
[Black "PunditJi"]
[Result "1/2-1/2"]
[WhiteElo "2623"]
[BlackElo "2606"]

1. e4 e5 2. Nf3 Nc6 3. Bb5 a6 4. Ba4 Nf6 5. O-O Be7 6. Re1 b5 7. Bb3 O-O 8. h3
Bb7 9. d3 d5 10. exd5 Nxd5 11. Nxe5 Nd4 12. Nc3 Nb4 13. a3 Nxb3 14. cxb3 f6 15.
axb4 fxe5 16. Ne4 Bxb4 17. Bd2 Be7 18. Qe2 Qd5 19. Rec1 c5 20. Be3 Rfc8 21. f3
a5 22. Kh1 b4 23. Bg1 Qxb3 24. Nxc5 Bxc5 25. Bxc5 Qd5 26. Be7 Rc6 27. Rxc6 Bxc6
1/2-1/2

[Event "kasker-3"]
[Site "http://www.queenalice.com/game.php?id=1460815"]
[Date "2017.1.22"]
[Round "4"]
[White "PunditJi"]
[Black "patoche"]
[Result "1/2-1/2"]
[WhiteElo "2606"]
[BlackElo "2664"]

1. d4 Nf6 2. c4 Nc6 3. Nf3 e6 4. e3 Bb4+ 5. Nbd2 d6 6. Be2 e5 7. d5 Bxd2+ 8.
Nxd2 Nb8 9. O-O O-O 10. Nb1 Bf5 11. f3 Bxb1 12. Rxb1 a5 13. e4 Nbd7 14. Be3 Qe7
1/2-1/2

[Event "kasker-3"]
[Site "http://www.queenalice.com/game.php?id=1479125"]
[Date "2017.5.21"]
[Round "5"]
[White "Kuarwaki"]
[Black "PunditJi"]
[Result "1/2-1/2"]
[WhiteElo "2641"]
[BlackElo "2607"]

1. d4 d5 2. c4 e6 3. Nc3 Nf6 4. Nf3 dxc4 5. e4 Bb4 6. Bg5 c5 7. Bxc4 cxd4 8.
Nxd4 Qa5 9. Bb5+ Bd7 10. Bxf6 Bxb5 11. Nxb5 gxf6 12. O-O Nc6 13. a3 Bxc3 14.
Nxc3 Rd8 1/2-1/2